| 000 | 00718nam a22002057a 4500 | ||
|---|---|---|---|
| 005 | 20251108170824.0 | ||
| 008 | 250721s2000 xx 000 0 ara d | ||
| 082 | 1 | 4 | _a327.1/مجي |
| 100 | 1 | _aمجيد، كمال | |
| 245 | 1 | 0 |
_aالعولمة و الديمقراطية : دراسة لأثر العولمة على العالم و العراق : _bدراسة لأثر العولمة على العالم و العراق / |
| 264 | 1 |
_aلندن : _bدار الحكمة، _c2000. |
|
| 300 | _a254ص | ||
| 650 | 1 | 7 | _aالعولمة |
| 650 | 1 | 7 | _aالديموقراطية |
| 650 | 1 | 7 | _aالعالم |
| 650 | 1 | 7 | _aالعراق |
| 650 | 1 | 7 | _aالشركات الرأسمالية |
| 942 |
_2ddc _cBK |
||
| 999 |
_c49804 _d49804 |
||